The indecisiveness of modern war and other essays, (Record no. 552323)
[ view plain ]
| 000 -LEADER | |
|---|---|
| fixed length control field | 00950cam a22001691 4500 |
| 082 ## - DEWEY DECIMAL CLASSIFICATION NUMBER | |
| Classification number | 355.02 |
| Author Mark | ROS |
| 100 1# - MAIN ENTRY--PERSONAL NAME | |
| Personal name | Rose, John Holland, |
| 9 (RLIN) | 49547 |
| 245 14 - TITLE STATEMENT | |
| Title | The indecisiveness of modern war and other essays, |
| Statement of responsibility, etc. | by J. Holland Rose. |
| 260 ## - PUBLICATION, DISTRIBUTION, ETC. | |
| Place of publication, distribution, etc. | London, |
| Name of publisher, distributor, etc. | G. Bell and sons, ltd. |
| Date of publication, distribution, etc. | 1927. |
| 300 ## - PHYSICAL DESCRIPTION | |
| Extent | vii, 204 p. |
| Dimensions | 23 cm. |
| 505 0# - FORMATTED CONTENTS NOTE | |
| Formatted contents note | The indecisiveness of modern naval war.--The indecisiveness of modern land war.--Plans of invasion of the British Isles.--The struggle for the Mediterranean in the eighteenth century.--The influence of sea power on Indian history (1746-1802)--Napoleon and sea power.--The prophetic instinct in Nelson.--The state of Nelson's fleet before Trafalgar.--The British title to Malta.--Admiral Duckworth's failure at Constantinople in 1807.--Chivalry and the sea. |
| 526 ## - STUDY PROGRAM INFORMATION NOTE | |
| Program name | 0 |
| Interest level | 0 |
| Reading level | 0 |
| Title point value | 355_020000000000000_ROS |
| 650 #0 - SUBJECT ADDED ENTRY--TOPICAL TERM | |
| Topical term or geographic name entry element | MCE |
| 9 (RLIN) | 379 |
| 650 #0 - SUBJECT ADDED ENTRY--TOPICAL TERM | |
| Topical term or geographic name entry element | Naval history. |
| 9 (RLIN) | 49548 |
| 650 #0 - SUBJECT ADDED ENTRY--TOPICAL TERM | |
| Topical term or geographic name entry element | Sea-power. |
| 9 (RLIN) | 49341 |
| 942 ## - ADDED ENTRY ELEMENTS (KOHA) | |
| Source of classification or shelving scheme | |
| Koha item type | Book |
| Withdrawn status | Lost status | Source of classification or shelving scheme | Damaged status | Not for loan | Permanent Location | Current Location | Shelving location | Date acquired | Total Checkouts | Full call number | Barcode | Date last seen | Price effective from | Koha item type |
|---|---|---|---|---|---|---|---|---|---|---|---|---|---|---|
| Military College of Engineering (MCE) | Military College of Engineering (MCE) | 01/14/2015 | 355.02 ROS | MCE-EC1/77 | 01/14/2015 | 01/14/2015 | Book |
